Métodos cuantitativos al servicio de la empresa : estadística y contabilidad /

Guardado en:
書目詳細資料
企業作者: Colloque Université-Industrie ( Institut des Etudes Economiques de Lyon)
其他作者: Guitton, Henri (autor) (autor), Murat, Auguste (prefacio) (prefacio), González de la Fuente, Santiago (traducción) (traducción), Baroja González, José Luis (traducción) (traducción)
格式: Procedimiento de la conferencia 圖書
出版: Bilbao, España : Deusto, 1963, c1963
叢編:(Gestión Deusto)
主題:
標簽: 添加標簽
沒有標簽, 成為第一個標記此記錄!

MARC

LEADER 00000nam^a2200000^a^4500
001 000226658
005 20250521000000.0
009 20260310104212.247
035 |a 045548 
037 |a Acervo Xavier Clavigero 
082 |a 658.  |b MET 
111 |a Colloque Université-Industrie (  |d 1960 :  |c Institut des Etudes Economiques de Lyon) 
245 1 0 |a Métodos cuantitativos al servicio de la empresa :  |b estadística y contabilidad /  |c H. Guitton... [et al.] ; pról. de A. Murat ; tr. por S. González de la Fuente, J.L. Baroja González. 
264 4 |a Bilbao, España :  |b Deusto,  |c 1963, c1963 
300 |a 139 p. 
336 |a texto  |b txt  |2 rdacontenido 
337 |a sin mediación  |b n  |2 rdamedio 
338 |a volumen  |b nc  |2 rdasoporte 
440 1 |a (Gestión Deusto) 
500 |a Traducción de: Méthodes quantitatives au service de l'entreprise 
649 |a XX 
650 |a Universidad y Empresa -  |x Congresos -  |x Tema Principal 
650 |a Sector Productivo y Educación -  |x Congresos 
650 |a Empresa y Sociedad 
650 |a Empresas -  |x Contabilidad 
650 |a Empresas -  |x Administración -  |x Metodología -  |x Tema Principal 
650 |a Empresas -  |x Administración 
650 |a Contabilidad 
650 |a Estadística 
650 |a Metodología Cuantitativa 
650 |a Administración -  |x Metodología 
650 |a Ciencias Administrativas -  |x Metodología 
700 |a Guitton, Henri  |e (autor) 
700 |a Murat, Auguste  |e (prefacio) 
700 |a González de la Fuente, Santiago  |e (traducción) 
700 |a Baroja González, José Luis  |e (traducción) 
910 |a Fondo General 
920 |a Impresos - Libros 
930 |a Colección General 
905 |a 101 
901 |a 045548  |b IT1  |c ACC  |i 045548  |u 20250521 
902 |a https://opac.biblio.iteso.mx/vufind/Record/000226658